[Event "AUTO-OPEN-4059"]
[Site "http://www.queenalice.com/game.php?id=1571221"]
[Date "2019.5.17"]
[Round "1"]
[White "Ron39"]
[Black "wieczniak"]
[Result "1-0"]
[WhiteElo "2167"]
[BlackElo "1100"]

1. e4 e6 2. d4 d5 3. Nc3 Nf6 4. Bg5 Be7 5. e5 Nfd7 6. h4 a6 7. Qg4 Bxg5 8. Qxg5
Qxg5 9. hxg5 g6 10. Bd3 c5 11. dxc5 Nxe5 12. f4 Nxd3+ 13. cxd3 Nc6 14. Nf3 Bd7
15. d4 Kf8 16. Ne5 Ke7 17. Nxc6+ Bxc6 18. Rh6 Kf8 19. Kd2 Kg7 20. Rah1 Raf8 21.
b4 f6 22. gxf6+ Rxf6 23. Ke3 Rf7 24. g4 Kf8 25. g5 Kg7 26. R1h4 Re7 27. Nd1 a5
28. a3 Ree8 29. Nf2 axb4 30. axb4 Ra8 31. Ng4 Ra3+ 32. Kd2 Ra2+ 33. Kc3 1-0

[Event "AUTO-OPEN-4059"]
[Site "http://www.queenalice.com/game.php?id=1571222"]
[Date "2019.5.17"]
[Round "1"]
[White "wieczniak"]
[Black "Ron39"]
[Result "0-1"]
[WhiteElo "1100"]
[BlackElo "2165"]

1. e4 e5 2. Nf3 Nf6 3. Nxe5 d6 4. Nf3 Nxe4 5. Qe2 Qe7 6. Nc3 Nxc3 7. dxc3 Bg4 8.
Be3 Nc6 9. O-O-O O-O-O 10. h3 Bh5 11. g4 Bg6 12. Bg2 f5 13. Nd4 Nxd4 14. Rxd4
Qf7 15. Bd5 Qd7 16. Bxb7+ Kxb7 17. Rb4+ Ka8 18. Qa6 c5 19. Ra4 Qb7 20. Qf1 fxg4
21. hxg4 Be4 22. Rg1 Rb8 23. b4 Bc6 24. Ra5 Be7 25. bxc5 dxc5 26. Qc4 Qb1+ 27.
Kd2 Rhd8+ 0-1

[Event "AUTO-OPEN-4059"]
[Site "http://www.queenalice.com/game.php?id=1571245"]
[Date "2019.5.17"]
[Round "1"]
[White "wieczniak"]
[Black "Magogue"]
[Result "1-0"]
[WhiteElo "1100"]
[BlackElo "1793"]

1. e4 e5 2. Nf3 Nc6 3. d4 Nxd4 4. Nxe5 Ne6 5. g3 d6 6. Nd3 Nf6 7. Bg2 Be7 8. O-O
O-O 9. f4 c5 10. e5 dxe5 11. Nxe5 Qxd1 12. Rxd1 Rb8 13. Be3 b6 14. Nc6 Rb7 15.
Nc3 a6 16. f5 Re8 17. fxe6 Bxe6 18. Bg5 h6 19. Nxe7+ Rbxe7 20. Bxf6 gxf6 21. Rd6
Rb8 22. Rad1 Kg7 23. Rd8 Rxd8 24. Rxd8 Bf5 25. Rd6 Bxc2 26. Rxb6 Re1+ 27. Kf2
Re6 28. Rxe6 fxe6 29. Be4 Bxe4 30. Nxe4 c4 31. Nd6 c3 32. bxc3 f5 33. Ke3 Kf6
34. a4 Ke5 35. Nf7+ 1-0

[Event "AUTO-OPEN-4059"]
[Site "http://www.queenalice.com/game.php?id=1571246"]
[Date "2019.5.17"]
[Round "1"]
[White "Magogue"]
[Black "wieczniak"]
[Result "0-1"]
[WhiteElo "1834"]
[BlackElo "1100"]

1. e4 e6 2. Nf3 d5 3. exd5 exd5 4. Be2 Bd6 5. d4 c6 6. Nc3 Qc7 7. h3 Be6 8. Bd3
h6 9. a3 Nd7 10. Be3 O-O-O 11. Qd2 f5 12. Ne2 g5 13. g3 Rf8 14. Bxg5 hxg5 15.
Nxg5 Re8 16. Nxe6 Rxe6 17. Bxf5 Re7 18. O-O-O Nf6 19. f4 Rxe2 20. Qxe2 Bxf4+ 21.
gxf4 Qxf4+ 22. Kb1 Qxf5 23. Rdf1 Qe4 24. Qd2 Rg8 25. Rfg1 Rxg1+ 26. Rxg1 Qh4 27.
c3 Qxh3 28. Qg5 Qd3+ 29. Ka2 Ne4 30. Qg8+ Kc7 31. Qg2 Ndf6 32. Qg7+ Kb6 33. Qf8
Nxc3+ 34. bxc3 Qc2+ 35. Ka1 Qxc3+ 36. Ka2 Qc4+ 37. Kb1 Qb3+ 38. Ka1 Qc3+ 39. Kb1
Ne4 40. Qb4+ Qxb4+ 41. axb4 Kb5 42. Rg2 b6 43. Rc2 Nd6 44. Kb2 Kxb4 45. Rxc6 Nb5
46. Rg6 Nxd4 47. Rg4 Kc4 48. Rg7 Nc6 49. Rg6 Kc5 50. Rg5 a5 51. Kb3 b5 52. Ka3
Kc4 53. Rg6 Nb4 54. Rb6 d4 55. Rb7 d3 56. Ra7 d2 57. Rd7 Nd5 58. Rh7 d1=Q 59.
Rh4+ Kc5 60. Rh3 b4+ 61. Ka2 Nc3+ 0-1

[Event "AUTO-OPEN-4059"]
[Site "http://www.queenalice.com/game.php?id=1571247"]
[Date "2019.5.17"]
[Round "1"]
[White "wieczniak"]
[Black "echo92"]
[Result "0-1"]
[WhiteElo "1096"]
[BlackElo "2086"]

1. e4 c5 2. f4 d5 3. e5 Nc6 4. Nf3 Bg4 5. c3 e6 6. d3 Nge7 7. Be2 Nf5 8. O-O Be7
9. Na3 O-O 10. Nc2 f6 11. d4 fxe5 12. dxe5 Qe8 13. Ne3 Nxe3 14. Bxe3 b6 15. h3
Bxf3 16. Bxf3 Rc8 17. Qa4 Nxe5 18. Qxa7 Nxf3+ 19. Rxf3 Qd8 20. Qa4 e5 21. Raf1
e4 22. R3f2 Bh4 23. Rd2 Rf6 24. Rfd1 Rg6 25. Rxd5 Qe8 26. Rd7 Rxg2+ 27. Kxg2
Qg6+ 28. Kf1 Qg3 29. Qc4+ Kh8 30. Qe2 g6 31. Bf2 Qxh3+ 32. Ke1 Rf8 33. Bxh4
Qxh4+ 34. Kd2 Qxf4+ 35. Kc2 e3 36. Rd8 Rxd8 37. Rxd8+ Kg7 38. Re8 Qf5+ 39. Kc1
Qf7 0-1

[Event "AUTO-OPEN-4059"]
[Site "http://www.queenalice.com/game.php?id=1571248"]
[Date "2019.5.17"]
[Round "1"]
[White "echo92"]
[Black "wieczniak"]
[Result "1-0"]
[WhiteElo "2088"]
[BlackElo "1094"]

1. e4 e6 2. d4 d5 3. Nc3 Nf6 4. Bg5 Be7 5. Bxf6 Bxf6 6. Nf3 a6 7. Bd3 c5 8. dxc5
Qa5 9. exd5 Bxc3+ 10. bxc3 Qxc3+ 11. Kf1 Qxc5 12. dxe6 Bxe6 13. Rb1 b5 14. Nd4
Bxa2 15. Qe2+ Qe7 16. Qxe7+ Kxe7 17. Re1+ Kf6 18. h4 Nd7 19. g4 g6 20. g5+ Kg7
21. h5 Rhe8 22. h6+ Kf8 23. Kg2 Bd5+ 24. f3 Nc5 25. Kg3 Nxd3 26. cxd3 b4 27. Rb1
a5 28. Rhc1 Reb8 29. Rc5 Rd8 30. Nb5 Rac8 31. Nc7 Be6 32. Nxe6+ fxe6 33. Rxa5
1-0

[Event "Challenge"]
[Site "http://www.queenalice.com/game.php?id=1571735"]
[Date "2019.5.21"]
[Round "-"]
[White "wieczniak"]
[Black "Eggchaser"]
[Result "1-0"]
[WhiteElo "1100"]
[BlackElo "1936"]

1. e4 c5 2. Nf3 d6 3. d4 cxd4 4. Nxd4 Nf6 5. Nc3 a6 6. Be3 Ng4 7. Qd2 Nxe3 8.
Qxe3 Bd7 9. f3 g6 10. O-O-O h5 11. Kb1 Bg7 12. h3 h4 13. Bc4 Nc6 14. Nde2 b5 15.
Bb3 Na5 16. f4 Nxb3 17. cxb3 e6 18. Rxd6 1-0

[Event "AUTO-OPEN-4061"]
[Site "http://www.queenalice.com/game.php?id=1571980"]
[Date "2019.5.23"]
[Round "1"]
[White "wieczniak"]
[Black "maurice91"]
[Result "1-0"]
[WhiteElo "1100"]
[BlackElo "1776"]

1. e4 c6 2. f4 Na6 3. Nf3 Nc7 4. d3 d6 5. Be2 g6 6. c3 Bg7 7. O-O e5 8. fxe5
dxe5 9. Ng5 Nf6 10. Na3 O-O 11. Nc4 h6 12. Nf3 Re8 13. Nfxe5 Be6 14. Be3 Qe7 15.
Nd2 c5 16. Ng4 Nxg4 17. Bxg4 f5 18. Bf3 fxe4 19. Bxe4 Bf7 20. Bf2 Nb5 21. Re1
Qc7 22. Qg4 g5 23. Qf5 Nd6 24. Qxc5 Qxc5 25. Bxc5 Nxe4 26. Rxe4 Red8 27. d4 b6
28. Ba3 Rac8 29. Re7 Bf8 30. Rxa7 Bxa3 31. Rxa3 1-0

[Event "AUTO-OPEN-4061"]
[Site "http://www.queenalice.com/game.php?id=1571981"]
[Date "2019.5.23"]
[Round "1"]
[White "maurice91"]
[Black "wieczniak"]
[Result "0-1"]
[WhiteElo "1776"]
[BlackElo "1100"]

1. d4 Nf6 2. Nf3 g6 3. Bf4 d6 4. e3 Bg7 5. Bd3 Nbd7 6. O-O O-O 7. Nbd2 Nh5 8.
Bg5 h6 9. Bh4 g5 10. Bg3 Nxg3 11. hxg3 e5 12. dxe5 Nxe5 13. Nxe5 dxe5 14. f4
exf4 15. gxf4 Bxb2 16. Rb1 Bg7 17. f5 c6 18. g4 Re8 19. Qf3 Rxe3 20. Qxe3 Bd4
21. Rfe1 Bxe3+ 22. Rxe3 Qd4 23. Re1 Qxg4+ 24. Kf2 Bxf5 25. Rg1 Qf4+ 26. Rf3
Qxd2+ 0-1

[Event "AUTO-OPEN-4061"]
[Site "http://www.queenalice.com/game.php?id=1571982"]
[Date "2019.5.23"]
[Round "1"]
[White "wieczniak"]
[Black "Peppone"]
[Result "1-0"]
[WhiteElo "1100"]
[BlackElo "1582"]

1. e4 c5 2. Nf3 Nc6 3. d4 cxd4 4. Nxd4 e6 5. Be3 Nf6 6. f3 Qb6 7. b3 Bc5 8. c3
e5 9. Nxc6 Bxe3 10. Nxe5 Bf2+ 11. Kd2 Qd6+ 12. Nd3 Bb6 13. e5 Qe6 14. exf6 Be3+
15. Kc2 Qxf6 16. Nb4 O-O 17. Nd5 Qf5+ 18. Qd3 Qxd3+ 19. Bxd3 Bg5 20. h4 Bh6 21.
Nd2 d6 22. Ne4 Be6 23. Nc7 Rac8 24. Nxe6 fxe6 25. Nxd6 Rc7 26. Rae1 Re7 27. Bc4
Rf6 28. Rxe6 Rfxe6 29. Re1 Kf8 30. Rxe6 Rxe6 31. Bxe6 Ke7 32. Nf5+ Kxe6 33. Nxh6
gxh6 34. Kd3 Kf5 35. Ke3 h5 36. a4 1-0

[Event "AUTO-OPEN-4061"]
[Site "http://www.queenalice.com/game.php?id=1571983"]
[Date "2019.5.23"]
[Round "1"]
[White "Peppone"]
[Black "wieczniak"]
[Result "0-1"]
[WhiteElo "1582"]
[BlackElo "1100"]

1. e4 e5 2. f4 d5 3. exd5 exf4 4. Nf3 Bd6 5. c4 Bg4 6. Bd3 Nd7 7. O-O Qf6 8.
Qe1+ Ne7 9. Nc3 Bxf3 10. Rxf3 Ne5 11. Rh3 f3 12. Ne4 Qf4 13. Nxd6+ cxd6 14. Bc2
Qxc4 15. Bb3 Qd4+ 16. Qf2 Qxf2+ 17. Kxf2 Nd3+ 18. Kxf3 Rc8 19. Ba4+ Kd8 20. Ke4
Nxc1 21. d3 f5+ 22. Ke3 Nxd5+ 23. Kd2 Nf4 24. Rg3 Ncxd3 25. Rxg7 Nc5 26. Bc2
Ne4+ 27. Bxe4 fxe4 28. g3 Ng6 29. Rf1 Rc7 30. Rff7 Rxf7 31. Rxf7 Kc8 32. Rf6 Kd7
33. Ke3 Rf8 0-1

[Event "AUTO-OPEN-4061"]
[Site "http://www.queenalice.com/game.php?id=1571984"]
[Date "2019.5.23"]
[Round "1"]
[White "wieczniak"]
[Black "pomar"]
[Result "1-0"]
[WhiteElo "1100"]
[BlackElo "2084"]

1. e4 e6 2. d4 d5 3. Nc3 c5 4. exd5 exd5 5. dxc5 d4 6. Bc4 dxc3 7. Bxf7+ Ke7 8.
Bd5 Qa5 9. Qe2+ Kd8 10. b3 Qxc5 11. Be3 Qa5 12. Bxg8 Rxg8 13. Qc4 Rh8 14. Ne2
Bf5 15. Rd1+ Nd7 16. Nd4 Rc8 17. Qf7 g6 18. Bg5+ Kc7 19. Bf6 Qxa2 20. Nxf5 gxf5
21. Qxd7+ Kb8 22. Be5+ Bd6 23. Qxd6+ Ka8 24. Bxh8 Rxh8 25. Qd8+ 1-0

[Event "AUTO-OPEN-4061"]
[Site "http://www.queenalice.com/game.php?id=1571985"]
[Date "2019.5.23"]
[Round "1"]
[White "pomar"]
[Black "wieczniak"]
[Result "1-0"]
[WhiteElo "2075"]
[BlackElo "1100"]

1. f3 e5 2. Kf2 f5 3. e3 Nf6 4. c4 d6 5. d4 e4 6. Nc3 c6 7. Qc2 exf3 8. gxf3 Na6
9. a3 Nc7 10. Bh3 g6 11. e4 fxe4 12. Nxe4 Bxh3 13. Nxh3 d5 14. Nxf6+ Qxf6 15.
Re1+ Be7 16. Bg5 Qxd4+ 17. Kg2 O-O-O 18. Rxe7 dxc4 19. Be3 Qh4 20. Bg5 Qd4 21.
Re4 Qd3 22. Rxc4 Qxc2+ 23. Rxc2 Nd5 24. Re1 Rdf8 25. Re5 Rf5 26. Rxf5 gxf5 27.
Re2 Rg8 28. Kf2 Rf8 29. Nf4 1-0

[Event "Rasumichin's IX"]
[Site "http://www.queenalice.com/game.php?id=1572883"]
[Date "2019.5.31"]
[Round "-"]
[White "Rasumichin"]
[Black "wieczniak"]
[Result "0-1"]
[WhiteElo "1831"]
[BlackElo "1100"]

1. e4 e6 2. d4 d5 3. Nc3 Nf6 4. e5 Nfd7 5. Nf3 a6 6. Bf4 c5 7. Be2 Nc6 8. a3
cxd4 9. Nxd4 Ndxe5 10. Qd2 Ng6 11. Bg5 Qb6 12. b4 Qxd4 13. Bd3 Qe5+ 14. Be2 d4
15. Na2 d3 16. cxd3 Qxa1+ 17. Bd1 Qe5+ 18. Be2 Nd4 19. Nc3 Nxe2 20. Nxe2 Qa1+
21. Nc1 Qxa3 22. O-O Bxb4 23. Qc2 Qc3 24. Qd1 O-O 25. Na2 Qc5 26. d4 Qd6 27. Nc1
a5 28. Ne2 Bd7 29. Be3 Bc6 30. Qd3 Qd5 31. Rd1 Qxg2# 0-1

[Event "Challenge"]
[Site "http://www.queenalice.com/game.php?id=1572885"]
[Date "2019.5.30"]
[Round "-"]
[White "wieczniak"]
[Black "Equiferus"]
[Result "1-0"]
[WhiteElo "1100"]
[BlackElo "1907"]

1. e4 d5 2. e5 c5 3. f4 e6 4. Nf3 c4 5. d3 b5 6. a4 Ba6 7. axb5 Bxb5 8. dxc4 Ba6
9. Rxa6 Nxa6 10. cxd5 Nc5 11. d6 Qb6 12. Nc3 a6 13. Qd4 Nd7 14. Qa4 Ra7 15. Qc4
Nc5 16. Be3 Qxb2 17. Qxc5 Qa1+ 18. Kf2 1-0

[Event "Let's Play Chess!"]
[Site "http://www.queenalice.com/game.php?id=1574306"]
[Date "2019.6.16"]
[Round "-"]
[White "Lintz"]
[Black "wieczniak"]
[Result "0-1"]
[WhiteElo "1874"]
[BlackElo "1100"]

1. d4 Nf6 2. Nc3 d5 3. Nf3 g6 4. e3 Bg7 5. Be2 O-O 6. O-O b6 7. Bd2 Bb7 8. Bd3
Nbd7 9. Re1 c5 10. dxc5 bxc5 11. Rb1 e5 12. b3 e4 0-1

[Event "Challenge"]
[Site "http://www.queenalice.com/game.php?id=1574645"]
[Date "2019.6.17"]
[Round "-"]
[White "wieczniak"]
[Black "ivansm"]
[Result "0-1"]
[WhiteElo "1100"]
[BlackElo "1997"]

1. e4 e5 2. Nf3 Nc6 3. d4 exd4 4. Bc4 Na5 5. Bxf7+ Kxf7 6. Ne5+ Ke7 7. Qh5 Qe8
8. Qh4+ Nf6 9. Bg5 d6 10. Nd3 Kd7 11. Bxf6 gxf6 12. Nd2 Be7 13. Qh6 Qg6 14. Qf4
Qxg2 15. O-O-O Qg5 16. Qf3 Nc4 17. h4 Qh6 18. Qe2 Nxd2 19. Rxd2 Rg8 20. Kb1 b6
21. Nb4 c5 22. Nd5 Bb7 0-1

[Event "AUTO-OPEN-4070"]
[Site "http://www.queenalice.com/game.php?id=1575071"]
[Date "2019.6.21"]
[Round "1"]
[White "wieczniak"]
[Black "APSHOOTER"]
[Result "1-0"]
[WhiteElo "1100"]
[BlackElo "1654"]

1. e4 e5 2. Nf3 d6 3. d4 Bg4 4. dxe5 Bxf3 5. Qxf3 dxe5 6. Bc4 Nf6 7. Qb3 Qe7 8.
Qxb7 Qb4+ 9. Qxb4 Bxb4+ 10. Bd2 Nc6 11. Bb5 Bxd2+ 12. Nxd2 Kd7 13. Nc4 Nxe4 14.
Nxe5+ Ke6 15. Bxc6 Kxe5 16. Bxa8 Rxa8 17. O-O 1-0

[Event "AUTO-OPEN-4070"]
[Site "http://www.queenalice.com/game.php?id=1575072"]
[Date "2019.6.21"]
[Round "1"]
[White "APSHOOTER"]
[Black "wieczniak"]
[Result "1-0"]
[WhiteElo "1616"]
[BlackElo "1100"]

1. e4 e6 2. Nf3 d5 3. e5 c5 4. Bb5+ Bd7 5. Nc3 Bxb5 6. Nxb5 Nc6 7. Nd6+ Bxd6 8.
exd6 Qxd6 9. d4 cxd4 10. Nxd4 Nf6 11. Bg5 Ne4 12. Nxc6 bxc6 13. Be3 Qb4+ 14. c3
Qxb2 15. O-O Nxc3 16. Qd2 Qxd2 17. Bxd2 Ne4 18. Bb4 c5 19. Ba5 c4 20. Bc7 Kd7
21. Be5 f6 22. Bd4 Rhc8 23. Rab1 1-0

[Event "AUTO-OPEN-4070"]
[Site "http://www.queenalice.com/game.php?id=1575075"]
[Date "2019.6.21"]
[Round "1"]
[White "wieczniak"]
[Black "jupar"]
[Result "0-1"]
[WhiteElo "1100"]
[BlackElo "1833"]

1. e4 e5 2. Nf3 Nc6 3. d4 exd4 4. Bc4 Bb4+ 5. c3 dxc3 6. O-O d6 7. a3 cxb2 8.
Bxb2 Nf6 9. axb4 O-O 10. b5 Ne5 11. Nxe5 dxe5 12. Qc2 Re8 13. Nd2 a6 14. bxa6
bxa6 15. Nf3 Bb7 0-1

[Event "AUTO-OPEN-4070"]
[Site "http://www.queenalice.com/game.php?id=1575076"]
[Date "2019.6.21"]
[Round "1"]
[White "jupar"]
[Black "wieczniak"]
[Result "1-0"]
[WhiteElo "1831"]
[BlackElo "1100"]

1. e4 g6 2. d4 d6 3. h3 Bg7 4. Nf3 Nc6 5. c3 e5 6. Be3 Nf6 7. Bd3 O-O 8. a3 Re8
9. Nbd2 h6 10. O-O exd4 11. cxd4 Rf8 12. Qb3 a5 13. e5 dxe5 14. dxe5 Nd5 15. Bc5
a4 16. Qa2 Be6 17. Qb1 Nf4 18. Bxf8 1-0